THE COMMUNITY HEALTH WORKER (Record no. 266497)

MARC details
000 -LEADER
fixed length control field 00355pam a2200145a 44500
008 - FIXED-LENGTH DATA ELEMENTS--GENERAL INFORMATION
fixed length control field 230405s xxu||||| |||| 00| 0 eng d
041 ## - LANGUAGE CODE
Language code of text/sound track or separate title ENG
100 ## - MAIN ENTRY--PERSONAL NAME
Personal name WHO
245 ## - TITLE STATEMENT
Title THE COMMUNITY HEALTH WORKER
250 ## - EDITION STATEMENT
Edition statement 2 1992
260 ## - PUBLICATION, DISTRIBUTION, ETC.
Place of publication, distribution, etc. GENEVA
Name of publisher, distributor, etc. WORLD HEALTH ORGANIZATION PUBLICATION GENEVA
Date of publication, distribution, etc.
300 ## - PHYSICAL DESCRIPTION
Extent 460
650 ## - SUBJECT ADDED ENTRY--TOPICAL TERM
Topical term or geographic name entry element PHARMACEUTICS
906 ## - LOCAL DATA ELEMENT F, LDF (RLIN)
a 1058
Holdings
Withdrawn status Lost status Damaged status Not for loan Collection Home library Current library Date acquired Source of acquisition Cost, normal purchase price Total Checkouts Full call number Barcode Date last seen Price effective from Koha item type
          College of Pharmacy, Kolhapur College of Pharmacy, Kolhapur 14/04/2023 SAI BOOK CENTRE 75.00   362.10425 PCK-2232 14/04/2023 14/04/2023 Book